00299 2200133 4500001002100000005001500021035002000036245003000056100001200086300001100098260003600109082000800145990001200153INLIS00000000000224820250527021931 a0010-05250005401 aRama dan Sinta /cTrajono0 aTrajono a32 hlm aJakarta :bBalai Pustaka,c2004 a813 a0712711